Smurfs Vol #20 Doctor Smurf /

If you thought Obamacare was confusing, wait until you see the Smurfs tackle the medical profession! When one Smurf steps up as doctor he starts a fever-for more doctors! Soon, a hospital is built in the Smurf Village and it rapidly fills up with all sorts of wacky cases. But how much help are th...

Full description

Bibliographic Details
Corporate Author: Library Pass, LLC
Format: eBook
Language:English
Published: [United States] : Papercutz, 2020.
Subjects:
Online Access:Connect to this electronic book (First time users create your free account)

MARC

Tag First Indicator Second Indicator Subfields
LEADER 00000nmm a22000001a 4500
001 in00004608721
006 m|||||o||m||||||||
007 cr|cn |||uuuuu
008 221118s2020 xxu||||co|||| ||||||eng d
005 20221207213133.8
035 |a (TxWaIVM)IV79091PaSm 
040 |a TxWaIVM  |c TxWaIVM 
245 0 0 |a Smurfs Vol #20 Doctor Smurf /  |c powered by Library Pass. 
260 3 |a [United States] :  |b Papercutz,  |c 2020. 
300 |a 1 online resource. 
336 |a text  |b txt  |2 rdacontent 
337 |a computer  |b c  |2 rdamedia 
338 |a online resource  |b cr  |2 rdacarrier 
520 |a If you thought Obamacare was confusing, wait until you see the Smurfs tackle the medical profession! When one Smurf steps up as doctor he starts a fever-for more doctors! Soon, a hospital is built in the Smurf Village and it rapidly fills up with all sorts of wacky cases. But how much help are these new doctors actually giving their patients? As usual, only Papa Smurf can provide the remedy for the latest Smurfs craze. It's another classic Smurfs afventure from master cartoonist Peyo. 
521 |a 5 
538 |a Requires a valid library card and registration for new users. 
538 |a Mode of access: World Wide Web. 
538 |a System requirements: Flash 10.1 or higher, Windows XP and higher, Internet Explorer 7 and higher, Firefox 3.6 and higher, Google Chrome; Max OS 10.5 and higher, Safari 4 and higher. 
650 0 |a Comic books, strips, etc. 
655 7 |a Electronic books.  |2 local 
655 7 |a Comic books, strips, etc.  |2 gsafd 
650 0 |a Animals 
655 7 |a Animals  |2 gsafd 
650 0 |a Comic books, strips, etc. --Education 
655 7 |a Comic books, strips, etc. --Education  |2 gsafd 
650 0 |a Fantasy comic books, strips, etc. 
655 7 |a Fantasy comic books, strips, etc.  |2 gsafd 
650 0 |a Comic books, strips, etc. --Fiction 
655 7 |a Comic books, strips, etc. --Fiction  |2 gsafd 
650 0 |a Comic books, strips, etc. 
655 7 |a Comic books, strips, etc.  |2 gsafd 
650 0 |a Humor 
655 7 |a Humor  |2 gsafd 
650 0 |a Movie & TV 
655 7 |a Movie & TV  |2 gsafd 
650 0 |a Comic books, strips, etc. --Mythology 
655 7 |a Comic books, strips, etc. --Mythology  |2 gsafd 
650 0 |a Fantasy comic books, strips, etc. 
655 7 |a Fantasy comic books, strips, etc.  |2 gsafd 
710 2 |a Library Pass, LLC. 
856 4 0 |u http://proxy.library.tamu.edu/login?url=https://tamu.librarypass.com/product/com.iversecomics.papercutz.smurfs.vol.twenty.doctor.smurf.english.08182020  |z Connect to this electronic book (First time users create your free account)  |t 0 
955 |a Comics Plus. 
999 f f |s 895aed06-bbd9-4a46-9381-0a410a8df4fd  |i 951bf4fa-a228-49da-a249-6862f0efec4d  |t 0 
952 f f |a Texas A&M University  |b College Station  |c Electronic Resources  |d Available Online  |t 0  |h Library of Congress classification 
998 f f |t 0  |l Available Online